Statistiken für Rückblick 2022 - Länder zuordnen (Afrika)

Klicken Sie hier um das Quiz zu spielen!

Allgemein

  • Dieses Quiz wurde 44 mal gespielt
  • Das Durchschnittsergebnis liegt bei 4 aus 15

Antwortstatistiken

HintAntwort% Korrekt
Dieses Land wird bei der Fußball-WM Vierter und damit das erfolgreichste afrikanische Land bei einer Fußball-WM jemals.Marokko
69%
Dieses Land überholt Brasilien als das sechstgrößte Land der Welt nach Bevölkerung.Nigeria
69%
Dieses Land erreicht eine Einwohnerzahl von 100 Mio.Demokratische Republik Kongo
33%
Hier findet die UN-Klimakonferenz statt.Ägypten
31%
Dieses Land wird erstmals Afrikameister im Fußball.Senegal
31%
Nach genau zwei Jahren Krieg endet der Tigray-Konflikt.Äthiopien
29%
William Ruto wird mit über 50 % der Stimmen zum neuen Präsidenten gewählt.Kenia
17%
Innerhalb von 8 Monaten ereignen sich zwei erfolgreiche PutscheBurkina Faso
14%
Dieses Land ist Austragungsort des Afrika-Cups.Kamerun
14%
Sam Matekane wird Premierminister.Lesotho
14%
Der Zyklon Batsirai verursacht 121 Tote und die Flucht von 43.236 Menschen.Madagaskar
14%
Die Parlamentswahl wird durch einen Boykott der Wähler die Wahl mit der bisher niedrigsten Wahlbeteiligung des Landes.Tunesien
7%
Ein Anschlag mit zwei Autobomben tötet 100 Menschen, es ist der schwerste Anschlag des Landes seit 5 Jahren.Somalia
5%
Bei Überschwemmungen kommen mehr als 400 Menschen ums Leben.Südafrika
2%
Dieses Land tritt als 56. Mitglied dem Commonwealth bei.Togo
0%

Verteilung der Resultate

Perzentil nach korrekt beantworteten Fragen

Anzahl Personen mit jedem Resultat

Ihre Resultats-Entwicklung

Sie haben dieses Quiz noch nicht gespielt